| 000 | 00458nam a22001697a 4500 | ||
|---|---|---|---|
| 005 | 20241003112753.0 | ||
| 008 | 170103b xxu||||| |||| 00| 0 eng d | ||
| 020 | _a978097875109 | ||
| 040 | _cPK-LaUMT | ||
| 082 |
_a613.25 _bTRU-W |
||
| 100 |
_aTrudeau , Kevin _92500 |
||
| 245 |
_aThe weight loss cure "They" don't want you to know about/ _cKevin trudeau |
||
| 260 |
_a[ ]: _bAlliance publishign, _c2007 |
||
| 300 | _a255 p. | ||
| 546 | _aEN | ||
| 942 | _cBK | ||
| 999 |
_c89691 _d89691 |
||